<?xml version="1.0" encoding="UTF-8"?>
<marc:record xmlns:marc="http://www.loc.gov/MARC21/slim">
   <marc:leader>00000nam a2200000 a 4500</marc:leader>
   <marc:datafield ind1="1" ind2=" " tag="100">
      <marc:subfield code="a">Schami, Rafik</marc:subfield>
      <marc:subfield code="4">aut</marc:subfield>
      <marc:subfield code="e">Verfasser/-in</marc:subfield>
   </marc:datafield>
   <marc:datafield ind1="1" ind2=" " tag="100">
      <marc:subfield code="a">Eisen, Anja Maria</marc:subfield>
      <marc:subfield code="4">ctb</marc:subfield>
      <marc:subfield code="e">Mitwirkende/-r</marc:subfield>
   </marc:datafield>
   <marc:datafield ind1="0" ind2="0" tag="245">
      <marc:subfield code="a">Meister Marios Geschichte</marc:subfield>
   </marc:datafield>
   <marc:datafield ind1="0" ind2="0" tag="245">
      <marc:subfield code="b">wie die Marionetten aus der Reihe tanzten</marc:subfield>
   </marc:datafield>
   <marc:datafield ind1="0" ind2="0" tag="245">
      <marc:subfield code="c">Rafik Schami. Ill. von Anja Maria Eisen</marc:subfield>
   </marc:datafield>
   <marc:datafield ind1=" " ind2="1" tag="264">
      <marc:subfield code="a">München</marc:subfield>
      <marc:subfield code="b">Hanser</marc:subfield>
      <marc:subfield code="c">2013</marc:subfield>
   </marc:datafield>
   <marc:datafield ind1="1" ind2=" " tag="520">
      <marc:subfield code="a">Angaben aus der Verlagsmeldung

Meister Marios Geschichte / von Rafik Schami, Anja-Maria Eisen

Lange schon zieht Meister Mario mit seinen Marionetten durchs Land. Das Publikum im Theater freut sich jedes Mal, wenn ein fauler Fürst zum fleißigen Bauern wird und ein Prinz nicht die langweilige Prinzessin zur Frau nimmt, sondern das kluge Mädchen. Doch die Marionetten wollen selbst entscheiden. Sie durchtrennen ihre Fäden und werden, was sie schon lange sein wollen: Königin Willnix wird Zauberin Willwas, Hoffnarr Lachtnix Clown Lachtwas, nur König Tutnix bleibt König Tutnix. Mario ist entsetzt, bis er erkennt, dass der Freiheitsdrang seiner Marionetten nicht zu bremsen ist. Von nun an treten sie gemeinsam auf: die Puppen in selbst gewählten Rollen - und Mario als Riese. Das neue Kinderbuch von Rafik Schami mit vielen märchenhaften Illustrationen.
</marc:subfield>
   </marc:datafield>
   <marc:datafield ind1=" " ind2=" " tag="020">
      <marc:subfield code="a">9783446243095</marc:subfield>
      <marc:subfield code="9">9783446243095</marc:subfield>
   </marc:datafield>
   <marc:datafield ind1=" " ind2=" " tag="020">
      <marc:subfield code="a">3446243097</marc:subfield>
      <marc:subfield code="9">3446243097</marc:subfield>
   </marc:datafield>
   <marc:datafield ind1=" " ind2=" " tag="041">
      <marc:subfield code="a">ger</marc:subfield>
   </marc:datafield>
   <marc:datafield ind1=" " ind2=" " tag="300">
      <marc:subfield code="a">86 S.</marc:subfield>
   </marc:datafield>
</marc:record>
